[Event "Elit(Team Viking-Rockaden,Sthlm)"]
[Site "?"]
[Date "2016.03.19"]
[Round "8"]
[White "Nielsen, Peter Heine"]
[Black "Berg, Emanuel"]
[Result "1/2-1/2"]
[WhiteElo "2649"]
[BlackElo "2571"]
[PlyCount "80"]

1. Nf3 Nf6 2. c4 g6 3. g3 Bg7 4. Bg2 O-O 5. O-O d6 6. Nc3 Nc6 7. d4 Rb8 8. h3
a6 9. e4 b5 10. d5 b4 11. Ne2 Na5 12. Qc2 c5 13. Be3 e5 14. b3 Nb7 15. Rae1 Bd7
16. Bc1 Qc8 17. Kh2 Ne8 18. g4 Nd8 19. Ng3 f6 20. Be3 Nf7 21. Qd2 a5 22. Rg1
Nc7 23. Bf1 Kh8 24. Bd3 Rg8 25. Nh4 Qf8 26. a4 Bh6 27. Ng2 Bxe3 28. Nxe3 Qh6
29. Kg2 Na8 30. Rh1 Nb6 31. f3 Qh4 32. Kf2 Nc8 33. Ng2 Qh6 34. Qxh6 Nxh6 35. h4
Ne7 36. h5 g5 37. Ne3 Kg7 38. Ra1 Nc8 39. Nef5+ Nxf5 40. exf5 h6 1/2-1/2

[Event "Elit(Team Viking-Rockaden,Sthlm)"]
[Site "?"]
[Date "2016.03.19"]
[Round "8"]
[White "Meier, Georg"]
[Black "Blomqvist, Erik"]
[Result "1/2-1/2"]
[WhiteElo "2660"]
[BlackElo "2492"]
[PlyCount "37"]

1. d4 d5 2. c4 c6 3. Nf3 Nf6 4. e3 Bg4 5. h3 Bxf3 6. Qxf3 e6 7. Nc3 Nbd7 8. Bd2
Bb4 9. Bd3 O-O 10. a3 Bxc3 11. Bxc3 Re8 12. O-O e5 13. dxe5 Nxe5 14. Bxe5 Rxe5
15. Rfd1 Qe7 16. Rac1 Rd8 17. Qf4 g6 18. b4 Ne4 19. Qg4 1/2-1/2

[Event "Elit(Team Viking-Rockaden,Sthlm)"]
[Site "?"]
[Date "2016.03.19"]
[Round "8"]
[White "Hammer, Jon Ludvig"]
[Black "Westerberg, Jonathan"]
[Result "1/2-1/2"]
[WhiteElo "2695"]
[BlackElo "2490"]
[PlyCount "137"]

1. c4 c5 2. Nf3 Nc6 3. Nc3 g6 4. e3 Nf6 5. d4 cxd4 6. exd4 d5 7. cxd5 Nxd5 8.
Bc4 Nxc3 9. Qb3 Nd5 10. Bxd5 e6 11. Bxc6+ bxc6 12. O-O f6 13. Be3 Qd5 14. Nd2
Be7 15. f3 Bd7 16. Qc3 Kf7 17. Ne4 g5 18. b3 h5 19. Nc5 h4 20. h3 Bc8 21. Rad1
Rg8 22. Qc2 Rg6 23. Qe2 Bd6 24. Kh1 Bc7 25. Rd2 Bd7 26. Nxd7 Qxd7 27. Rc2 Bb6
28. Rfc1 Rc8 29. b4 Rgg8 30. f4 gxf4 31. Qh5+ Rg6 32. Bxf4 Bxd4 33. Rd2 e5 34.
Be3 Rcg8 35. Bxd4 exd4 36. Rcd1 Qd5 37. Qxd5+ cxd5 38. Rc2 Ke6 39. Rxd4 Rh6 40.
b5 Rh7 41. Ra4 Rb8 42. Rb2 Ke5 43. Kg1 Rhb7 44. Re2+ Kf5 45. Rf2+ Ke5 46. Rxh4
Rxb5 47. Rh5+ Ke6 48. Rhf5 Rb1+ 49. Kh2 Rf8 50. g4 d4 51. g5 Rb2 52. Rxf6+ Rxf6
53. Rxb2 Rf5 54. h4 d3 55. Kg3 Rd5 56. Rd2 Kf5 57. Kf3 Rd4 58. Ke3 Rxh4 59. Rg2
Rh3+ 60. Kd2 Kg6 61. Kc3 Re3 62. Rg4 d2+ 63. Kxd2 Ra3 64. Kc2 Rxa2+ 65. Kb3 Ra5
66. Ra4 Rxa4 67. Kxa4 Kxg5 68. Ka5 a6 69. Kxa6 1/2-1/2

[Event "Elit(Team Viking-Rockaden,Sthlm)"]
[Site "?"]
[Date "2016.03.19"]
[Round "8"]
[White "Agrest, Evgenij"]
[Black "Barkhagen, Jonas"]
[Result "1/2-1/2"]
[WhiteElo "2587"]
[BlackElo "2435"]
[PlyCount "137"]
[SourceDate "2016.03.25"]

1. d4 d5 2. Bf4 c6 3. e3 Bf5 4. Nf3 e6 5. Nbd2 h6 6. c4 Qb6 7. Qb3 Qb4 8. c5 a5
9. Ne5 Na6 10. Nd3 Qxb3 11. axb3 Bxd3 12. Bxd3 Nb4 13. Ke2 Be7 14. Bc7 Bd8 15.
Bxd8 Kxd8 16. Ra4 Kc7 17. Rha1 Ne7 18. Rxa5 Rxa5 19. Rxa5 Rb8 20. Ra4 Nxd3 21.
Kxd3 b5 22. cxb6+ Rxb6 23. b4 Nc8 24. Nb3 Rb7 25. Nc5 Ra7 26. Ra3 Kb6 27. Kc2
Nd6 28. Na4+ Kc7 29. Nc3 Kb6 30. Kd3 Nc4 31. Rxa7 Kxa7 32. b3 Nd6 33. f3 Ka6
34. e4 Nb5 35. Na4 Nd6 36. Nc5+ Kb5 37. Kc3 Kb6 38. g3 Nb5+ 39. Kd3 Nd6 40. g4
Kc7 41. e5 Nb5 42. f4 g6 43. h4 Kd8 44. h5 gxh5 45. gxh5 Ke7 46. Na6 Kd8 47.
Ke3 Kd7 48. Nc5+ Ke7 49. Nd3 Na3 50. Nf2 Nc2+ 51. Kd3 Nxb4+ 52. Kc3 Na2+ 53.
Kd2 Nb4 54. Ng4 Kf8 55. Nxh6 Kg7 56. Ng4 Kh7 57. Kc3 Na2+ 58. Kc2 Nb4+ 59. Kd2
Kg7 60. Nf6 Kh6 61. Kc3 Na2+ 62. Kc2 Nb4+ 63. Kd2 Na2 64. Kd1 Nb4 65. Kd2 Na2
66. Kc2 Nb4+ 67. Kc3 Na2+ 68. Kd2 Nb4 69. Kc3 1/2-1/2

[Event "Elit(Team Viking-Rockaden,Sthlm)"]
[Site "?"]
[Date "2016.03.19"]
[Round "8"]
[White "Bator, Robert"]
[Black "Nithander, Victor"]
[Result "1-0"]
[WhiteElo "2427"]
[BlackElo "2440"]
[PlyCount "113"]

1. d4 Nf6 2. Nf3 g6 3. g3 Bg7 4. c4 O-O 5. Bg2 d6 6. O-O Nbd7 7. Nc3 e5 8. h3
a6 9. Rb1 Re8 10. e4 exd4 11. Nxd4 Nc5 12. Re1 Bd7 13. Bf4 h6 14. Qc2 Qc8 15.
Kh2 Rb8 16. b4 Ne6 17. Nxe6 Bxe6 18. Nd5 Nd7 19. Rbd1 Ne5 20. Bc1 b5 21. c5 Nc4
22. Bf4 g5 23. Bc1 dxc5 24. bxc5 c6 25. Ne3 Qc7 26. Nxc4 bxc4 27. f4 Qa5 28. e5
gxf4 29. gxf4 Qxc5 30. Be3 Qa3 31. Bc1 Qc5 32. Be3 Qa3 33. Bd4 c5 34. Re3 c3
35. Bxc3 Qxa2 36. Qe4 Rbd8 37. Ra1 Qc4 38. f5 Qxe4 39. Bxe4 Bd5 40. Bc2 f6 41.
Rg3 Kh7 42. e6 Bb7 43. h4 h5 44. Rg6 Re7 45. Kh3 Rf8 46. Ra5 Rc7 47. Ra1 c4 48.
Rd1 Bf3 49. Rd6 Be2 50. Ba5 Re7 51. Bd8 Rb7 52. Be4 Rb3+ 53. Kg2 Bd3 54. Kf3
Re8 55. Rd7 Bb1+ 56. Kf4 Rxd8 57. Rgxg7+ 1-0

[Event "Elit(Team Viking-Rockaden,Sthlm)"]
[Site "?"]
[Date "2016.03.19"]
[Round "8"]
[White "Cramling, Pia"]
[Black "Karlsson, Lars"]
[Result "0-1"]
[WhiteElo "2523"]
[BlackElo "2457"]
[PlyCount "78"]

1. Nf3 g6 2. d4 Bg7 3. c4 d6 4. Nc3 Nc6 5. d5 Nb8 6. e4 Bg4 7. Be2 c5 8. O-O
Bxf3 9. Bxf3 Nd7 10. Be3 Ngf6 11. Be2 O-O 12. f4 Ne8 13. Qd2 Nc7 14. Kh1 Re8
15. Rad1 a6 16. a4 b6 17. Qe1 Kh8 18. h4 e6 19. dxe6 Nxe6 20. Rxd6 Nd4 21. Bf2
Qe7 22. e5 Nxe2 23. Nxe2 f6 24. Qd2 Nf8 25. Nc3 fxe5 26. fxe5 Qxe5 27. Rxb6
Rad8 28. Nd5 Nd7 29. Rb7 Nf6 30. Qc3 Ne4 31. Qxe5 Bxe5 32. Be1 Rb8 33. Rxb8
Rxb8 34. Nf4 Bxb2 35. g3 Bd4 36. Kg2 Nd6 37. Ne6 Nxc4 38. Bf2 Rb2 39. Kf3 Nd2+
0-1

[Event "Elit(Team Viking-Rockaden,Sthlm)"]
[Site "?"]
[Date "2016.03.19"]
[Round "8"]
[White "Engqvist, Thomas"]
[Black "Sagit, Rauan"]
[Result "1/2-1/2"]
[WhiteElo "2358"]
[BlackElo "2375"]
[PlyCount "68"]

1. e4 c5 2. Nf3 d6 3. Bb5+ Nd7 4. d4 cxd4 5. Qxd4 a6 6. Bc4 e6 7. a4 Ngf6 8. a5
Be7 9. Nc3 O-O 10. O-O Qc7 11. Nd2 Ne5 12. Bd3 Bd7 13. Nc4 Nxc4 14. Qxc4 Qxc4
15. Bxc4 Bc6 16. Re1 Nxe4 17. Nxe4 d5 18. Bd3 dxe4 19. Bxe4 Bxe4 20. Rxe4 Rfd8
21. Be3 Rac8 22. c3 Bc5 23. Kf1 Bxe3 24. Rxe3 Rd7 25. Ra4 Kf8 26. Ree4 Ke7 27.
Red4 Rc5 28. Rxd7+ Kxd7 29. Ke2 Kc6 30. Kd3 Rd5+ 31. Ke2 Re5+ 32. Kd2 Rd5+ 33.
Ke2 Re5+ 34. Kd2 Rd5+ 1/2-1/2

[Event "Elit(Team Viking-Rockaden,Sthlm)"]
[Site "?"]
[Date "2016.03.19"]
[Round "8"]
[White "Bellon Lopez, Juan"]
[Black "Kenneskog, Theodor"]
[Result "1-0"]
[WhiteElo "2376"]
[BlackElo "2352"]
[PlyCount "101"]

1. d4 Nf6 2. Bg5 d5 3. Nd2 c5 4. e3 cxd4 5. exd4 Nc6 6. c3 Bg4 7. f3 Bf5 8. g4
Bg6 9. Nh3 e6 10. Qb3 Qd7 11. Nf4 Bd6 12. h4 Bxf4 13. Bxf4 h5 14. Be2 Rc8 15.
Qa3 Qd8 16. g5 Nd7 17. O-O Qa5 18. Qxa5 Nxa5 19. Bd6 a6 20. f4 Nb6 21. Rae1 Bf5
22. b3 Nc6 23. Bc5 Nd7 24. b4 Nxc5 25. bxc5 Ne7 26. Nf3 Ng6 27. Ne5 Nxh4 28.
Rf2 Ng6 29. Nxg6 fxg6 30. Bf3 O-O 31. c4 Rcd8 32. cxd5 exd5 33. Re7 Rf7 34.
Rxf7 Kxf7 35. Rb2 Bc8 36. Rb6 Rd7 37. Kf2 Rd8 38. Kg3 Rd7 39. a3 Rd8 40. Bg2 a5
41. a4 Re8 42. Bxd5+ Kf8 43. Bxb7 Bf5 44. Kf2 h4 45. Bc6 Rc8 46. Ra6 h3 47. Kg3
Rb8 48. Rb6 Rc8 49. d5 Rc7 50. Rb8+ Bc8 51. d6 1-0

[Event "Elit(Manhem-Farsta)"]
[Site "?"]
[Date "2016.03.19"]
[Round "8"]
[White "Ernst, Thomas"]
[Black "Hultin, Johan"]
[Result "1/2-1/2"]
[WhiteElo "2361"]
[BlackElo "2319"]
[PlyCount "124"]

1. e4 e6 2. d4 d5 3. Nc3 dxe4 4. Nxe4 Bd7 5. Nf3 Bc6 6. Bd3 Nd7 7. O-O Ngf6 8.
Ng3 Be7 9. Qe2 Bxf3 10. Qxf3 c6 11. b3 Qa5 12. a3 O-O 13. Bb2 Rfe8 14. Rfe1
Rad8 15. c4 Nf8 16. Ne2 Rd7 17. Bc3 Qc7 18. Red1 Red8 19. g3 Ne8 20. Bc2 Bf6
21. Rd2 g6 22. Rad1 Bg7 23. b4 Nd6 24. Bb3 b5 25. cxb5 Nxb5 26. Bb2 Qb6 27. Qe4
h5 28. Rc1 Rd6 29. Rdc2 Nxd4 30. Nxd4 Bxd4 31. Bxd4 Rxd4 32. Qxc6 Rd1+ 33. Kg2
Qxc6+ 34. Rxc6 Rxc1 35. Rxc1 Rd3 36. Rb1 Nd7 37. a4 Kf8 38. Kf1 Ke7 39. Bc4 Rd4
40. Be2 Ne5 41. Bb5 g5 42. Ke2 f5 43. Rb3 g4 44. a5 Re4+ 45. Kd1 Nf3 46. Bd3
Re1+ 47. Kc2 Rh1 48. Rc3 Kd6 49. b5 Ne1+ 50. Kd2 Nxd3 51. Rxd3+ Kc7 52. Rc3+
Kb7 53. Rc6 Rxh2 54. Ke3 Rh1 55. Ke2 Rb1 56. a6+ Kb8 57. Rxe6 Rxb5 58. Rh6 Rb2+
59. Ke3 Rb3+ 60. Ke2 Rb2+ 61. Ke3 Rb3+ 62. Ke2 Rb2+ 1/2-1/2

[Event "Elit(Manhem-Farsta)"]
[Site "?"]
[Date "2016.03.19"]
[Round "8"]
[White "Welin, Mats"]
[Black "Livner, Anders"]
[Result "0-1"]
[WhiteElo "2328"]
[BlackElo "2347"]
[PlyCount "70"]

1. e4 c6 2. d4 d5 3. Nd2 dxe4 4. Nxe4 Bf5 5. Ng3 Bg6 6. h4 h6 7. Nf3 Nd7 8. h5
Bh7 9. Bd3 Bxd3 10. Qxd3 e6 11. Bd2 Ngf6 12. O-O-O Be7 13. Kb1 Qb6 14. Ne4 Rd8
15. Nxf6+ Nxf6 16. Qe2 O-O 17. c3 c5 18. dxc5 Qxc5 19. Be3 Qa5 20. Nd4 Nd5 21.
Bc1 Rd6 22. Nb3 Qc7 23. Rh3 Rfd8 24. Rhd3 Qc4 25. Qf3 Bf6 26. Re1 Qc7 27. Qg3
Qc4 28. Rd2 Ra6 29. Rde2 Qa4 30. Re4 Qxa2+ 31. Kc2 Rc6 32. Nd4 Rxc3+ 33. Qxc3
Nxc3 34. Kxc3 Rxd4 35. Rxd4 Qa5+ 0-1

[Event "Elit(Manhem-Farsta)"]
[Site "?"]
[Date "2016.03.19"]
[Round "8"]
[White "Degerman, Lars"]
[Black "Rozentalis, Eduardas"]
[Result "0-1"]
[WhiteElo "2462"]
[BlackElo "2572"]
[PlyCount "88"]

1. Nf3 Nf6 2. g3 d5 3. Bg2 c6 4. O-O Bf5 5. d3 e6 6. Nh4 Bg4 7. h3 Bh5 8. Qe1
Be7 9. e4 dxe4 10. dxe4 Nfd7 11. Nf3 Bxf3 12. Bxf3 h5 13. h4 Ne5 14. Be2 Nbd7
15. Kg2 Qb6 16. f4 Ng4 17. Bxg4 hxg4 18. Qe2 O-O-O 19. Qxg4 f5 20. Qe2 Nf6 21.
Nd2 Ng4 22. Nc4 Qa6 23. c3 c5 24. Re1 Bxh4 25. gxh4 Rxh4 26. Rh1 Rxh1 27. Kxh1
e5 28. Kg1 Qh6 29. Ne3 Nxe3 30. Bxe3 exf4 31. Bxc5 fxe4 32. Qg4+ Kb8 33. Rf1 g5
34. Rd1 Rh8 35. Kf1 Qh1+ 36. Bg1 e3 37. Ke2 Qe4 38. Ke1 Qe5 39. Ke2 Rf8 40. Kf3
Re8 41. Ke2 Qb5+ 42. Ke1 Qxb2 43. Qxg5 Qxc3+ 44. Ke2 f3+ 0-1

[Event "Elit(Manhem-Farsta)"]
[Site "?"]
[Date "2016.03.19"]
[Round "8"]
[White "Akesson, Joel"]
[Black "Nikcevic, Nebojsa"]
[Result "1/2-1/2"]
[WhiteElo "2293"]
[BlackElo "2421"]
[PlyCount "217"]

1. Nf3 c5 2. c4 Nc6 3. g3 g6 4. Bg2 Bg7 5. Nc3 d6 6. a3 e5 7. O-O Nge7 8. b4 e4
9. Ng5 h6 10. Ngxe4 f5 11. bxc5 fxe4 12. cxd6 Qxd6 13. Nxe4 Qe6 14. Rb1 O-O 15.
d3 b6 16. Bb2 Bd7 17. Bxg7 Kxg7 18. Qd2 Rad8 19. Rfc1 Kh7 20. d4 Na5 21. Qd3
Bc8 22. c5 Bb7 23. cxb6 axb6 24. Rc7 Kh8 25. d5 Qe5 26. Qc3 Qxc3 27. Nxc3 Rc8
28. Rxe7 Rxc3 29. Be4 Rf6 30. d6 Bxe4 31. d7 Rd6 32. Rxe4 Rxd7 33. Rxb6 Rc6 34.
Rxc6 Nxc6 35. Re6 Ne7 36. a4 Kg7 37. a5 Kf7 38. Rb6 Rd2 39. e3 Nc8 40. Rc6 Nd6
41. a6 Ke6 42. Rb6 g5 43. h4 Kd5 44. hxg5 hxg5 45. Rb8 Ra2 46. Rg8 Nf7 47. Rg7
Ke6 48. g4 Kf6 49. Rg8 Nh6 50. Re8 Rxa6 51. f4 Ra2 52. Rf8+ Kg6 53. fxg5 Nxg4
54. e4 Kxg5 55. e5 Re2 56. e6 Kh4 57. Rf3 Rxe6 58. Ra3 Re2 59. Kf1 Rh2 60. Kg1
Rb2 61. Kf1 Ne5 62. Re3 Rb5 63. Ke2 Kg4 64. Re4+ Kf5 65. Ra4 Rb3 66. Kd2 Ke6
67. Kc2 Rh3 68. Rd4 Nc6 69. Rg4 Kd5 70. Ra4 Nd4+ 71. Kd2 Ke4 72. Ra8 Rd3+ 73.
Kc1 Rc3+ 74. Kb2 Rb3+ 75. Ka2 Rb7 76. Re8+ Kd3 77. Rc8 Ne2 78. Ka3 Nc3 79. Rh8
Ne2 80. Ka4 Kc4 81. Rc8+ Kd3 82. Ka5 Nd4 83. Ka6 Rb1 84. Rd8 Kc4 85. Rc8+ Kd5
86. Ka5 Ne6 87. Ka4 Nc5+ 88. Ka3 Kc4 89. Rh8 Rb3+ 90. Ka2 Rb7 91. Rc8 Rb5 92.
Rh8 Kc3 93. Rh3+ Nd3 94. Rg3 Ra5+ 95. Kb1 Ra7 96. Rh3 Re7 97. Ka2 Re5 98. Rg3
Re4 99. Rh3 Kc4 100. Rh8 Nc5 101. Rh3 Re6 102. Rh4+ Ne4 103. Kb2 Rb6+ 104. Kc2
Kd4 105. Rh8 Rc6+ 106. Kb2 Rg6 107. Rh4 Rg3 108. Rh8 Nd6 109. Rd8 1/2-1/2

[Event "Elit(Manhem-Farsta)"]
[Site "?"]
[Date "2016.03.19"]
[Round "8"]
[White "Lundin, Jan"]
[Black "Moberg, Karl Johan"]
[Result "1-0"]
[WhiteElo "2251"]
[BlackElo "2295"]
[PlyCount "67"]

1. e4 e5 2. Nf3 Nc6 3. d4 exd4 4. Nxd4 Nf6 5. Nc3 Bb4 6. Nxc6 bxc6 7. Bd3 O-O
8. O-O d5 9. exd5 cxd5 10. Bg5 c6 11. Na4 h6 12. Bh4 Bd6 13. c4 Be5 14. Rc1 Qd6
15. Bg3 Bxg3 16. hxg3 Bg4 17. Qd2 d4 18. Rfe1 c5 19. Qf4 Qc6 20. b3 Rae8 21.
Re5 g5 22. Rxg5+ hxg5 23. Qxg5+ Kh8 24. Qh6+ Kg8 25. Bh7+ Nxh7 26. Qxc6 d3 27.
f3 d2 28. Rf1 Rd8 29. Nc3 Bf5 30. Qxc5 Bd3 31. Ra1 Bc2 32. Nd5 Rfe8 33. Qd4
Re1+ 34. Kf2 1-0

[Event "Elit(Manhem-Farsta)"]
[Site "?"]
[Date "2016.03.19"]
[Round "8"]
[White "Outgajjouft, Said"]
[Black "Hjelm, Niclas"]
[Result "0-1"]
[WhiteElo "2088"]
[BlackElo "2311"]
[PlyCount "90"]

1. e4 e5 2. Nf3 Nc6 3. d4 exd4 4. Bc4 Nf6 5. e5 Ng4 6. Bxf7+ Kxf7 7. Ng5+ Kg8
8. Qxg4 h6 9. Nf3 d6 10. Qe4 dxe5 11. Nbd2 Qf6 12. O-O Bd6 13. Re1 Be6 14. a3
Re8 15. Qd3 a6 16. b4 Qf5 17. Ne4 Qf7 18. c3 Bg4 19. Nfd2 dxc3 20. Qxc3 Nd4 21.
Qd3 Bd7 22. Nc3 Qf5 23. Nde4 Kh7 24. Be3 Rhf8 25. Rad1 Nb5 26. Ne2 Bc6 27. N2g3
Qg6 28. h4 Bxe4 29. Nxe4 Be7 30. h5 Qf5 31. f3 Kh8 32. Bc5 Qxh5 33. Qd7 Bxc5+
34. Nxc5 Qg6 35. Nxb7 Nd4 36. Kf2 Nf5 37. Re4 Nd6 38. Nxd6 cxd6 39. Rg4 Qc2+
40. Kg3 Rg8 41. Rxd6 e4 42. Rc6 Qb2 43. Qd6 g6 44. fxe4 h5 45. Rf4 Qxa3+ 0-1

[Event "Elit(Manhem-Farsta)"]
[Site "?"]
[Date "2016.03.19"]
[Round "8"]
[White "Lissang, Christopher"]
[Black "Al Hadarani, Hatim"]
[Result "1/2-1/2"]
[WhiteElo "2295"]
[BlackElo "2272"]
[PlyCount "139"]

1. d4 c6 2. Nf3 g6 3. Bf4 Qb6 4. Nbd2 d5 5. Rb1 Bg7 6. e3 Nf6 7. h3 Bf5 8. Nh4
Be6 9. Bd3 c5 10. c3 Nc6 11. O-O O-O 12. b4 cxd4 13. cxd4 a5 14. bxa5 Qxa5 15.
Rb2 Ra7 16. Qb1 Rfa8 17. Rc1 Bc8 18. Nb3 Qd8 19. Nc5 Nh5 20. Nxb7 Bxb7 21. Rxb7
Rxb7 22. Qxb7 Nxf4 23. exf4 Nxd4 24. g3 Bf6 25. Ng2 Nf3+ 26. Kf1 Rb8 27. Qc7
Qxc7 28. Rxc7 Rb2 29. a4 Ra2 30. Bb5 Nd2+ 31. Ke1 Ne4 32. Ne3 Bc3+ 33. Kd1 Rd2+
34. Ke1 d4 35. Nd5 Rb2+ 36. Nxc3 dxc3 37. Rc8+ Kg7 38. f3 Rb1+ 39. Ke2 Nxg3+
40. Kd3 Rf1 41. Rxc3 Rxf3+ 42. Kc2 Rf2+ 43. Kb3 Ne4 44. Rc7 Nd6 45. Bc6 Rxf4
46. a5 Nc4 47. a6 Na5+ 48. Ka3 Nxc6 49. Rxc6 Rd4 50. a7 Rd8 51. Kb4 Ra8 52. Rc7
Kf6 53. Kc5 g5 54. Kb6 h5 55. Kb7 Rxa7+ 56. Kxa7 g4 57. h4 Kf5 58. Rc8 g3 59.
Rg8 Kf4 60. Rg7 f6 61. Rxe7 g2 62. Rg7 Kf3 63. Rg6 f5 64. Kb6 Kf2 65. Kc5 g1=Q
66. Rxg1 Kxg1 67. Kd5 Kg2 68. Ke5 Kh3 69. Kxf5 Kxh4 70. Kf4 1/2-1/2

[Event "Elit(Manhem-Farsta)"]
[Site "?"]
[Date "2016.03.19"]
[Round "8"]
[White "Bengtsson, Jonas"]
[Black "Jaderberg, Bjorn"]
[Result "0-1"]
[WhiteElo "2136"]
[BlackElo "2146"]
[PlyCount "60"]

1. d4 e6 2. c4 f5 3. g3 Nf6 4. Bg2 d5 5. Nh3 c6 6. Qc2 Bd6 7. O-O O-O 8. Bf4 a5
9. Bxd6 Qxd6 10. Nd2 Nbd7 11. Nf3 Ne4 12. Rad1 b6 13. Nf4 Ba6 14. b3 a4 15. Nd3
Bb7 16. Nfe5 Nxe5 17. Nxe5 c5 18. e3 Ra5 19. f4 axb3 20. axb3 Rfa8 21. Bxe4
fxe4 22. Qc3 cxd4 23. Rxd4 Ra2 24. Rfd1 Qa3 25. cxd5 Bxd5 26. Qc7 Qxb3 27. Qf7+
Kh8 28. Kh1 Qc2 29. R4d2 Qxd2 30. Rxd2 Rxd2 0-1

[Event "Elit(Vasteras-Limhamn)"]
[Site "?"]
[Date "2016.03.19"]
[Round "8"]
[White "Johansson, Linus"]
[Black "Pohjala, Henri"]
[Result "1-0"]
[WhiteElo "2423"]
[BlackElo "2393"]
[PlyCount "169"]

1. d4 d5 2. c4 c6 3. Nf3 Nf6 4. Nc3 a6 5. c5 Nbd7 6. Bf4 g6 7. h3 Bg7 8. e3 O-O
9. Be2 Ne8 10. O-O Nc7 11. Re1 Re8 12. Bg5 f5 13. Bd3 Bf6 14. Bxf6 exf6 15. b4
Nf8 16. a4 Bd7 17. Qb3 Kg7 18. b5 Qe7 19. Reb1 Rec8 20. bxa6 bxa6 21. Qc2 Ra7
22. Rb6 Qd8 23. Rab1 Rca8 24. Ne2 Qc8 25. Nf4 Be8 26. R1b2 Bd7 27. Qb1 Qd8 28.
Rb8 Bc8 29. R8b6 Bd7 30. h4 Kf7 31. g3 Kg7 32. Kg2 Kf7 33. Qe1 a5 34. Qb1 Kg7
35. Rb7 Bc8 36. R7b6 Bd7 37. Qa2 Qe8 38. Rb7 Bc8 39. R7b6 Bd7 40. Qb3 Qd8 41.
Qc2 Qe8 42. Nh2 Qd8 43. Qb1 Qe8 44. h5 Nfe6 45. Nxe6+ Bxe6 46. Nf3 Bc8 47. Qh1
Bd7 48. Qh4 Ne6 49. Rb1 Qc8 50. Nd2 Qe8 51. Nb3 Qc8 52. hxg6 hxg6 53. Rh1 Qg8
54. Qh6+ Kf7 55. Rb1 Qg7 56. Qxg7+ Kxg7 57. Nc1 Kf7 58. Ne2 Nc7 59. Nf4 Be8 60.
Rh1 Kg7 61. Kf3 Bd7 62. Ke2 Be8 63. Kd2 Bd7 64. Kc2 Na6 65. Bxa6 Rxa6 66. Rhb1
R6a7 67. Rb7 Kf7 68. Kd2 g5 69. Nxd5 cxd5 70. c6 Ke7 71. cxd7 Ra6 72. d8=Q+
Kxd8 73. Rh1 Re6 74. Rh8+ Re8 75. Rhh7 Kc8 76. Rhc7+ Kd8 77. Rd7+ Kc8 78. Rbc7+
Kb8 79. Rc5 Ra6 80. Rdxd5 f4 81. Rxa5 fxe3+ 82. fxe3 Rae6 83. Rdb5+ Kc7 84.
Ra7+ Kc8 85. Ra8+ 1-0

[Event "Elit(Vasteras-Limhamn)"]
[Site "?"]
[Date "2016.03.19"]
[Round "8"]
[White "Akesson, Ralf"]
[Black "Brynell, Stellan"]
[Result "1/2-1/2"]
[WhiteElo "2435"]
[BlackElo "2420"]
[PlyCount "52"]

1. d4 d5 2. Nf3 Nf6 3. c4 dxc4 4. e3 Bg4 5. Bxc4 e6 6. h3 Bh5 7. O-O a6 8. b3
c5 9. Bb2 cxd4 10. Qxd4 Nc6 11. Qxd8+ Rxd8 12. Rc1 Bg6 13. Be2 Be7 14. Nbd2 Bd3
15. Kf1 Bxe2+ 16. Kxe2 Nd5 17. Ne4 f6 18. a3 Kf7 19. b4 Rc8 20. Rc2 Ncxb4 21.
Neg5+ fxg5 22. Ne5+ Kf6 23. Nd7+ Kf7 24. Ne5+ Kf6 25. Nd7+ Kf7 26. Ne5+ Kf6
1/2-1/2

[Event "Elit(Vasteras-Limhamn)"]
[Site "?"]
[Date "2016.03.19"]
[Round "8"]
[White "Hector, Jonny"]
[Black "Sjodahl, Pontus"]
[Result "1-0"]
[WhiteElo "2474"]
[BlackElo "2404"]
[PlyCount "167"]

1. e4 e6 2. d4 d5 3. Nc3 Bb4 4. Bd3 dxe4 5. Bxe4 Nf6 6. Bf3 c5 7. Nge2 Nc6 8.
Be3 cxd4 9. Nxd4 Ne5 10. Ndb5 Bd7 11. Qd4 Nxf3+ 12. gxf3 Bxc3+ 13. Nxc3 Bc6 14.
Rg1 Qxd4 15. Bxd4 Nh5 16. O-O-O f6 17. f4 Kf7 18. Be3 Rhe8 19. Rd6 a6 20. Rgd1
Rac8 21. a4 e5 22. fxe5 fxe5 23. R1d3 Re6 24. b4 Nf6 25. Kb2 Be8 26. Bc5 a5 27.
Nb5 Ne4 28. Rf3+ Rf6 29. Rfxf6+ gxf6 30. Rb6 Nxc5 31. Nd6+ Kf8 32. bxc5 Rxc5
33. Rxb7 Bxa4 34. c4 Kg8 35. Kc3 Bd1 36. Rb5 Rc6 37. Nf5 Kf7 38. Rxa5 Ke6 39.
Ne3 Bf3 40. c5 f5 41. Nc2 f4 42. Nb4 Rc8 43. Rb5 Kf5 44. Ra5 h5 45. Nd3 Be4 46.
Nb2 Rd8 47. Nc4 Rd3+ 48. Kb4 Rd4 49. Kc3 Bd5 50. Nb6 Bc6 51. Ra7 Rd1 52. Rf7+
Ke4 53. Rf6 Bb5 54. Rh6 Rf1 55. Kb4 Rb1+ 56. Kc3 Rc1+ 57. Kb4 Rb1+ 58. Kc3 Kf3
59. Rxh5 e4 60. Nd5 Bc6 61. Ne7 Be8 62. Rh8 Rc1+ 63. Kd4 Bb5 64. Rf8 Rc4+ 65.
Kd5 e3 66. fxe3 Kxe3 67. Rb8 Rd4+ 68. Ke5 Re4+ 69. Kf6 Bc4 70. Nf5+ Kd3 71. Nd6
Re6+ 72. Kf5 f3 73. Nxc4 f2 74. Nd2 Kxd2 75. Rb2+ Kd3 76. Rxf2 Rc6 77. h4 Rxc5+
78. Kg6 Ke4 79. h5 Rc1 80. h6 Rg1+ 81. Kf7 Rh1 82. Rf6 Ke5 83. Kg7 Rh2 84. Rg6
1-0

[Event "Elit(Vasteras-Limhamn)"]
[Site "?"]
[Date "2016.03.19"]
[Round "8"]
[White "Vaarala, Eric"]
[Black "Jepson, Christian"]
[Result "0-1"]
[WhiteElo "2298"]
[BlackElo "2431"]
[PlyCount "48"]

1. Nf3 d5 2. e3 Nf6 3. b3 g6 4. Bb2 Bg7 5. c4 O-O 6. Nc3 b6 7. Rc1 c5 8. cxd5
Nxd5 9. d4 cxd4 10. Nxd4 Bb7 11. Be2 Nxc3 12. Bxc3 Bxg2 13. Rg1 Bb7 14. Nf5
Bxc3+ 15. Rxc3 Be4 16. Nh6+ Kg7 17. Qa1 f6 18. Rg4 Bd5 19. Rd4 Qd6 20. e4 Qxh2
21. Ng4 Qg1+ 22. Bf1 Qxg4 23. Rg3 Qe6 24. Bh3 Qe5 0-1

[Event "Elit(Vasteras-Limhamn)"]
[Site "?"]
[Date "2016.03.19"]
[Round "8"]
[White "Lindgren, Philip"]
[Black "Bergstrom, Peter"]
[Result "1-0"]
[WhiteElo "2414"]
[BlackElo "2278"]
[PlyCount "91"]
[SourceDate "2016.03.25"]

1. d4 d5 2. c4 c6 3. Nf3 Nf6 4. Nc3 a6 5. c5 Nbd7 6. Bf4 Nh5 7. Qd2 b6 8. cxb6
Qxb6 9. Rb1 Nxf4 10. Qxf4 e6 11. e3 Be7 12. Bd3 c5 13. O-O Qd6 14. Qg4 g6 15.
Rfe1 f5 16. Qh3 O-O 17. b3 Bb7 18. Na4 Rac8 19. Qh6 Bf6 20. Rbc1 c4 21. bxc4
Qa3 22. Nc3 dxc4 23. Be2 Nb6 24. Nd2 Nd5 25. Ndb1 Qa5 26. Qh3 Be7 27. e4 Nf4
28. Qe3 Bg5 29. Rcd1 h6 30. Qg3 Nxe2+ 31. Rxe2 Kg7 32. d5 fxe4 33. dxe6 Rcd8
34. Ree1 Rd3 35. Qg4 Qf5 36. Qe2 Rfd8 37. Qb2 Bc6 38. Nxe4+ Bf6 39. Nxf6 c3 40.
Nxc3 Qxf6 41. e7 Rxd1 42. Nxd1 Re8 43. Qb4 Bd5 44. Nc3 Be6 45. Ne4 Qxe7 46.
Qd4+ 1-0

[Event "Elit(Vasteras-Limhamn)"]
[Site "?"]
[Date "2016.03.19"]
[Round "8"]
[White "Norberg, Johan"]
[Black "Schneider, Stefan"]
[Result "1/2-1/2"]
[WhiteElo "2291"]
[BlackElo "2378"]
[PlyCount "77"]

1. g3 Nf6 2. Bg2 d5 3. Nf3 e6 4. O-O Be7 5. d3 b5 6. e4 dxe4 7. dxe4 Qxd1 8.
Rxd1 Bb7 9. Nd4 a6 10. e5 Nd5 11. a4 Nc6 12. Nxc6 Bxc6 13. Nc3 O-O-O 14. axb5
axb5 15. Nxd5 Bxd5 16. Bxd5 exd5 17. Ra5 Kd7 18. Rxb5 Ke6 19. Rb7 Rd7 20. f4
Bc5+ 21. Kg2 Bb6 22. Kf3 d4 23. Ke4 f5+ 24. exf6 gxf6 25. f5+ Kd6 26. Rxb6+
cxb6 27. Rxd4+ Kc6 28. Rxd7 Re8+ 29. Kd3 Kxd7 30. Be3 b5 31. b3 h5 32. h3 Kc6
33. c4 bxc4+ 34. bxc4 Rg8 35. Bf2 Re8 36. Bd4 Rg8 37. Bf2 Re8 38. Bd4 Rg8 39.
Bf2 1/2-1/2

[Event "Elit(Vasteras-Limhamn)"]
[Site "?"]
[Date "2016.03.19"]
[Round "8"]
[White "Helgason, Reynir"]
[Black "Eriksson, Anders"]
[Result "0-1"]
[WhiteElo "2367"]
[BlackElo "2271"]
[PlyCount "112"]

1. d4 Nf6 2. c4 e6 3. Nc3 Bb4 4. e3 O-O 5. Nf3 d5 6. Bd3 c5 7. O-O dxc4 8. Bxc4
cxd4 9. exd4 Nc6 10. Re1 Be7 11. a3 b6 12. Bg5 Bb7 13. Qd3 Nd5 14. Bxd5 Bxg5
15. Be4 g6 16. Rad1 Bf6 17. Ne5 Bxe5 18. dxe5 Qxd3 19. Bxd3 Rad8 20. Be4 Na5
21. Bxb7 Nxb7 22. f4 Nc5 23. b4 Nd3 24. Rf1 Nb2 25. Rxd8 Rxd8 26. Nb5 a5 27.
Nd6 axb4 28. axb4 Nd3 29. b5 f6 30. Nc4 fxe5 31. fxe5 Rd4 32. Nxb6 Rb4 33. Rd1
Nxe5 34. Rd8+ Kg7 35. Re8 Kf7 36. Rh8 Kg7 37. Re8 Kf6 38. Rb8 Kg5 39. Na8 Ng4
40. Kf1 Nxh2+ 41. Ke2 Rb2+ 42. Kd3 Rxg2 43. Nc7 Ng4 44. Nxe6+ Kf6 45. Nf8 Ne5+
46. Ke4 Re2+ 47. Kd5 Rd2+ 48. Kc5 h5 49. b6 Rb2 50. Re8 g5 51. Nh7+ Kf5 52.
Nxg5 Nd7+ 53. Kc6 Rxb6+ 54. Kxd7 Kxg5 55. Re5+ Kg4 56. Re4+ Kf5 0-1

[Event "Elit(Vasteras-Limhamn)"]
[Site "?"]
[Date "2016.03.19"]
[Round "8"]
[White "Norberg, Erik"]
[Black "Penalver, Osmani"]
[Result "1/2-1/2"]
[WhiteElo "2232"]
[BlackElo "2251"]
[PlyCount "60"]

1. g3 Nf6 2. Bg2 e6 3. Nf3 d5 4. O-O b5 5. d3 Be7 6. Nbd2 O-O 7. e4 Bb7 8. e5
Nfd7 9. Re1 c5 10. c4 Qb6 11. cxd5 Bxd5 12. Ne4 Nc6 13. Bf4 Nd4 14. Nxd4 cxd4
15. Qg4 Kh8 16. Qh5 g6 17. Qh6 Bxe4 18. Rxe4 Rfd8 19. Bg5 Bxg5 20. Qxg5 Kg8 21.
Rae1 Rac8 22. Rf4 Qa5 23. Ree4 Nc5 24. Rxd4 Nxd3 25. Rxf7 Rxd4 26. Qe7 Rc1+ 27.
Bf1 Rxf1+ 28. Kxf1 Qe1+ 29. Kg2 Qe4+ 30. Kg1 Qe1+ 1/2-1/2